000 00316nam a22001337a 4500
008 170601b xxu||||| |||| 00| 0 eng d
020 _a019502124-X
041 _aeng
080 _a94(7/8)
100 _a17
101 _aSHH
245 _aA CONCISE HISTORY OF THE AMERICAN REPUBLIC
_cMORISON ,S.E
942 _2udc
_cBK
999 _c15280
_d15280